000 00575nam a2200157 a 4500
008 120416s1987 ||||||||||||||||| || u
020 _a0818404272
050 _aBJ 1012 Wil
100 _aWilson, Bryan
245 1 0 _aHuman values in a changing world
246 _aa dialogue on the social role of religion
260 _aSecaucus, NJ
_bLyle StuartInc
_c1987
300 _axv, 364p.
350 _a0.00
995 _D0.00
_FCBU-MAIN LIBRARY (Kitwe)
_H1
_I20.00
_M1
_UAVAILABLE
_WMay 17, 2006
_ZMain Library Open Access Collection
999 _c46017
_d46017